Frozen characters - Statistics

General Stats
  • This quiz has been taken 72 times
  • The average score is 6 of 8
Answer Stats
Picture Answer % Correct
Anna
100%
Elsa
100%
Hans
92%
Olaf
88%
Kristoff
84%
Sven
78%
Queen Iduna
33%
King Agnarr
29%
No matching quizzes found
Score Distribution
Percent of People with Each Score
Percentile by Number Answered
Your Score History
You have not taken this quiz